000
00214 a2200097 4500
001
42492
100
_a
Powers D
245
_a
Strategy without slide rule
260
_a
London
_b
Croom Hell
_c
090
_c
26405
_d
26405
942
_a
NUST-CAE
_c
M
_c
18231
999
_c
277565
_d
277565